Vrtoch je v každom z nás

Podrobná bibliografia
Hlavný autor: Mäsiar, Ján, 1939- (Autor)
Médium: Kniha
Jazyk:slovenčina
Fyzický popis:71 s. 22 cm
Vydavateľské údaje: Martin Vydavateľstvo Matice slovenskej 2015
ISBN:9788081152108
Predmet:

MARC

LEADER 00000cam a2200000 a 4500
001 vtls011428143
003 SK-MaSNL
005 20260302084248.0
008 240318s2015 xo g 000 j slo
015 |a SNBA2016/04 
020 |a 9788081152108  |q (brožované) 
035 |a urn:nbn:sk:snk-am00a6aq 
035 |a urn:nbn:sk:snk-am3h8lc 
035 |a ACF46A41-F976-46F2-AACC-899078960861 
040 |a SNK  |b slo  |c SNK  |e AACR2 
041 0 |a slo 
044 |a xo  |c SK 
072 7 |a 821.162.4-3  |x Slovenská próza  |2 konspekt 
072 7 |a 821.162.4-1  |x Slovenská poézia  |2 konspekt 
080 |a (0:82-4)  |2 2011 
080 |a 821.162.4  |2 2011 
100 1 |a Mäsiar, Ján,  |d 1939-  |4 aut  |9 120948 
245 1 0 |a Vrtoch je v každom z nás  |c Ján Mäsiar 
260 |a Martin  |b Vydavateľstvo Matice slovenskej  |c 2015 
300 |a 71 s.  |c 22 cm 
650 0 7 |a slovenská literatúra  |2 SNKPH  |9 1115 
650 0 7 |a Slovak literature  |2 SNKPHeng  |9 265073 
655 7 |a eseje  |2 SNKPH  |9 57030 
655 7 |a úvahy  |2 SNKPH  |9 29403 
655 7 |a Essays  |2 SNKPHeng  |9 267540 
919 |a 978-80-8115-210-8 
958 |a LX 
999 |c 1187209  |d 1189139 
952 |a SNK  |b SNK  |y PREZ  |7 0  |p 17A1183769  |o snkSC 168803  |i snk2016/7905  |8 0  |0 0  |1 0  |4 0  |d 2016-03-22  |f 1  |l 0  |r 2026-02-24 21:59:37  |w 2026-02-24 
952 |a SNK  |b SNK  |y VYP  |7 0  |p 17A1183770  |o snkSC 168803 D1  |i snk2016/7906  |8 0  |0 0  |1 0  |4 0  |d 2016-03-22  |l 0  |r 2026-02-24 21:59:37  |w 2026-02-24